000 00388nam a2200145Ia 4500
008 230312s9999||||xx |||||||||||||| ||und||
020 _a81-317-6218-9
082 _a621.382
_bLUD-R
100 _aLudwig;Reinhold
245 0 _aRF Circuit Design:Theory and Applications
260 _bPearsons
_aIndia
_c2013
300 _a704
650 _aEngineering
_vElectrical Engineering
942 _cBK
999 _c10458
_d10458